000 00635nam a2200205Ia 4500
003 GCL
008 140319s9999 xx 000 0 ara d
040 _aGCL /
_cGCL
082 0 4 _a891.55
_bم ر
100 1 _aمحمد نورالدين عبدالمنعم
245 1 0 _aرباعيات بابا طاهر العريان الهمدانى /
_cمحمد نورالدين عبدالمنعم
300 _a81
490 _aكتاب
_v0
650 0 4 _aالشعر العربى
650 0 4 _aالادب العربى
650 0 4 _aايران
650 0 4 _aالشعر الفارسى
650 0 4 _aالادب الفارسى
942 _2ddc
_cBK
999 _c41451
_d41451